| 000 | 01378cam a22003134a 4500 | ||
|---|---|---|---|
| 005 | 20260322212056.0 | ||
| 008 | data | ||
| 010 | _a 2009016050 | ||
| 020 | _a9781592535408 | ||
| 020 | _a1592535402 | ||
| 040 |
_aDLC _cDLC _dDLC _dVP@ _dDLC |
||
| 050 | 0 | 0 |
_aTT157 _b.J594 2009 |
| 082 | 0 | 0 |
_a745.5 _222 |
| 092 | _a745.5 J594 2009 | ||
| 100 | 1 | _aJohnson, Garth. | |
| 245 | 1 | 0 |
_a1000 ideas for creative reuse : _bremake, restyle, recycle, renew / _cGarth Johnson. |
| 246 | 3 | _aOne thousand ideas for creative reuse | |
| 260 |
_aBeverly, Mass. : _bQuarry Books, _cc2009. |
||
| 300 |
_a320 p. : _bchiefly col. ill. ; _c24 cm. |
||
| 504 | _aIncludes bibliographical references. | ||
| 650 | 0 | _aHandicraft. | |
| 650 | 0 | _aSalvage (Waste, etc.) | |
| 856 | 4 | 2 |
_3Publisher description _uhttp://www.loc.gov/catdir/enhancements/fy0910/2009016050-d.html |
| 856 | 4 | 2 |
_3Contributor biographical information _uhttp://www.loc.gov/catdir/enhancements/fy0916/2009016050-b.html |
| 906 |
_a7 _bcbc _corignew _d1 _eecip _f20 _gy-gencatlg |
||
| 925 | 0 |
_aacquire _b2 shelf copies _xpolicy default |
|
| 955 |
_exh09 2009-04-15 to Dewey _fxh06 2010-05-01 Z-CipVer to BCCD |
||
| 001 | data | ||
| 999 |
_c1334 _d1334 |
||